[Event "RUS IPCA-ch"]
[Site "Nalchik"]
[Date "2015.05.05"]
[Round "6"]
[White "Karpenko, Dmitrii"]
[Black "Tersinsev, Andrey"]
[Result "0-1"]
[WhiteElo "1819"]
[BlackElo "2014"]
[PlyCount "56"]
[EventDate "2015.04.30"]
[EventType "swiss"]
[EventRounds "9"]
[EventCountry "RUS"]
[SourceTitle "EXT 2018"]
[Source "ChessBase"]
[SourceDate "2017.10.13"]
[SourceVersion "1"]
[SourceVersionDate "2017.10.13"]
[SourceQuality "1"]

1. e4 c5 2. Nf3 Nc6 3. d4 cxd4 4. Nxd4 e5 5. Nxc6 bxc6 6. Bd3 Nf6 7. 0-0 Be7 8. Nd2 0-0 9. b3 d5 10. Bb2 Bd6 11. h3 Be6 12. Re1 Qc7 13. Qe2 dxe4 14. Nxe4 Nxe4 15. Bxe4 f5 16. Bd3 e4 17. Bc4 Bd5 18. Rad1 Rad8 19. Kh1 Qf7 20. Ba6 Bb8 21. Qf1 Qc7 22. Qg1 Rfe8 23. a4 e3 24. fxe3 Qg3 25. Rxd5 cxd5 26. Bd4 Re6 27. Rf1 Rxa6 28. Rxf5 Rh6 0-1

[Event "RUS IPCA-ch"]
[Site "Nalchik"]
[Date "2015.05.03"]
[Round "4"]
[White "Gedgafov, Chamal"]
[Black "Tersinsev, Andrey"]
[Result "1-0"]
[WhiteElo "2140"]
[BlackElo "2014"]
[PlyCount "88"]
[EventDate "2015.04.30"]
[EventType "swiss"]
[EventRounds "9"]
[EventCountry "RUS"]
[SourceTitle "EXT 2018"]
[Source "ChessBase"]
[SourceDate "2017.10.13"]
[SourceVersion "1"]
[SourceVersionDate "2017.10.13"]
[SourceQuality "1"]

1. b3 f5 2. Bb2 Nf6 3. Nf3 g6 4. e3 Bg7 5. d4 d6 6. Bd3 e5 7. dxe5 Ng4 8. Nbd2 Nxe5 9. Nxe5 dxe5 10. e4 0-0 11. Nf3 Qe7 12. Qd2 Nc6 13. 0-0-0 a5 14. a4 Nb4 15. Bc4+ Be6 16. Bxe6+ Qxe6 17. Rhe1 Rad8 18. Qxd8 Rxd8 19. Rxd8+ Bf8 20. Nxe5 Qf6 21. Red1 fxe4 22. Nd7 Nd3+ 23. Rxd3 Qxd8 24. Nf6+ Qxf6 25. Bxf6 exd3 26. cxd3 Bd6 27. g3 Kf7 28. Bc3 b6 29. Kd2 Ke6 30. Ke3 Kf5 31. f3 h5 32. Kd4 h4 33. gxh4 Kf4 34. Kd5 Kxf3 35. Be5 Bb4 36. Bxc7 Ke3 37. d4 Kd3 38. Bxb6 Kc3 39. Ke6 Kxb3 40. d5 Be1 41. d6 Bxh4 42. d7 Kxa4 43. d8Q Bxd8 44. Bxd8 Kb5 1-0

[Event "RUS IPCA-ch"]
[Site "Nalchik"]
[Date "2015.04.30"]
[Round "1"]
[White "Tersinsev, Andrey"]
[Black "Shchukina, Ekaterina"]
[Result "1-0"]
[WhiteElo "2014"]
[BlackElo "1522"]
[PlyCount "73"]
[EventDate "2015.04.30"]
[EventType "swiss"]
[EventRounds "9"]
[EventCountry "RUS"]
[SourceTitle "EXT 2018"]
[Source "ChessBase"]
[SourceDate "2017.10.13"]
[SourceVersion "1"]
[SourceVersionDate "2017.10.13"]
[SourceQuality "1"]

1. d4 Nf6 2. c4 g6 3. Nc3 Bg7 4. e4 d6 5. Be2 0-0 6. Bg5 Nbd7 7. h4 h6 8. Be3 e5 9. d5 b6 10. h5 g5 11. g4 Nc5 12. f3 a5 13. b3 Bb7 14. Nh3 Qe7 15. Nf2 Rfd8 16. 0-0 Nfd7 17. Qc2 Bc8 18. Bd1 Nf6 19. Qe2 Rf8 20. Bc2 Nfd7 21. a3 Bb7 22. b4 axb4 23. axb4 Na6 24. Nd3 Nf6 25. Qf2 Nd7 26. Na4 Qe8 27. c5 bxc5 28. bxc5 Ndb8 29. c6 Bc8 30. Nc3 f5 31. exf5 e4 32. Nxe4 Bxa1 33. Rxa1 Bxf5 34. gxf5 Rxf5 35. Bd4 Qf7 36. Re1 Rxf3 37. Nf6+ 1-0

[Event "IPCA Wch 14th"]
[Site "Apatin"]
[Date "2014.09.22"]
[Round "8"]
[White "Tersinsev, Andrey"]
[Black "Vodyasov, Evgeny Ivanovich"]
[Result "1/2-1/2"]
[WhiteElo "2043"]
[BlackElo "2220"]
[PlyCount "27"]
[EventDate "2014.09.16"]
[EventType "swiss"]
[EventRounds "9"]
[EventCountry "SRB"]
[SourceTitle "CBM 162 Extra"]
[Source "ChessBase"]
[SourceDate "2014.10.17"]
[SourceVersion "1"]
[SourceVersionDate "2014.10.17"]
[SourceQuality "1"]

1. d4 e6 2. c4 f5 3. Nc3 Nf6 4. Qc2 d5 5. Bf4 c6 6. Nf3 Be7 7. e3 0-0 8. Bd3 Na6 9. a3 Kh8 10. cxd5 cxd5 11. Bxa6 bxa6 12. Na4 Ne4 13. Bc7 Qe8 14. Rc1 1/2-1/2

[Event "IPCA Wch 14th"]
[Site "Apatin"]
[Date "2014.09.19"]
[Round "5"]
[White "Moskvin, Anatoly"]
[Black "Tersinsev, Andrey"]
[Result "1-0"]
[WhiteElo "1870"]
[BlackElo "2043"]
[PlyCount "85"]
[EventDate "2014.09.16"]
[EventType "swiss"]
[EventRounds "9"]
[EventCountry "SRB"]
[SourceTitle "CBM 162 Extra"]
[Source "ChessBase"]
[SourceDate "2014.10.17"]
[SourceVersion "1"]
[SourceVersionDate "2014.10.17"]
[SourceQuality "1"]

1. e4 c5 2. b4 cxb4 3. a3 d5 4. exd5 Qxd5 5. Bb2 e5 6. axb4 Bxb4 7. Na3 Bd7 8. Nc4 Nc6 9. Qf3 Nf6 10. Qxd5 Nxd5 11. Nxe5 Nxe5 12. Bxe5 0-0 13. Bc4 Rfe8 14. Nf3 Nb6 15. Be2 Bg4 16. Bd4 Bxf3 17. gxf3 Nd5 18. c3 Nf4 19. Be3 Nxe2 20. Kxe2 Bd6 21. h4 Be7 22. h5 h6 23. Rhb1 b6 24. Ra6 Bc5 25. d4 Bd6 26. Kd3 f5 27. Rb2 f4 28. Bd2 Re7 29. Rbxb6 axb6 30. Rxa8+ Kf7 31. Ra6 Rb7 32. c4 Bb8 33. Bb4 Ba7 34. Bd6 Rd7 35. Bxf4 b5 36. d5 bxc4+ 37. Kxc4 Bxf2 38. Be5 Bh4 39. Kc5 Bf6 40. f4 Re7 41. Bxf6 gxf6 42. d6 Rd7 43. f5 1-0

[Event "IPCA Wch 14th"]
[Site "Apatin"]
[Date "2014.09.17"]
[Round "3"]
[White "Kestlane, Harry"]
[Black "Tersinsev, Andrey"]
[Result "0-1"]
[WhiteElo "1843"]
[BlackElo "2043"]
[PlyCount "54"]
[EventDate "2014.09.16"]
[EventType "swiss"]
[EventRounds "9"]
[EventCountry "SRB"]
[SourceTitle "CBM 162 Extra"]
[Source "ChessBase"]
[SourceDate "2014.10.17"]
[SourceVersion "1"]
[SourceVersionDate "2014.10.17"]
[SourceQuality "1"]

1. e4 c5 2. Nf3 Nc6 3. d4 cxd4 4. Nxd4 e5 5. Nb5 d6 6. N1c3 a6 7. Na3 b5 8. Nd5 Nce7 9. Be2 Nxd5 10. exd5 f5 11. f4 Nf6 12. 0-0 Ne4 13. Be3 Be7 14. c4 exf4 15. Bd4 0-0 16. cxb5 Bf6 17. Rxf4 Be5 18. Rf3 f4 19. Nc4 Bg4 20. Bxe5 dxe5 21. Ra3 Bxe2 22. Qxe2 Qxd5 23. Kh1 Qd4 24. Rf1 axb5 25. Rxa8 Rxa8 26. Na3 Ra6 27. Qxb5 Ng3+ 0-1

[Event "IPCA Wch 14th"]
[Site "Apatin"]
[Date "2014.09.17"]
[Round "2"]
[White "Tersinsev, Andrey"]
[Black "Obodchuk, Andrei"]
[Result "0-1"]
[WhiteElo "2043"]
[BlackElo "2370"]
[PlyCount "60"]
[EventDate "2014.09.16"]
[EventType "swiss"]
[EventRounds "9"]
[EventCountry "SRB"]
[SourceTitle "CBM 162 Extra"]
[Source "ChessBase"]
[SourceDate "2014.10.17"]
[SourceVersion "1"]
[SourceVersionDate "2014.10.17"]
[SourceQuality "1"]

1. d4 Nf6 2. c4 e6 3. Nc3 Bb4 4. f3 c5 5. d5 b5 6. e4 0-0 7. Bd2 exd5 8. cxd5 a6 9. Bd3 d6 10. Nge2 c4 11. Bc2 Bc5 12. Bg5 Nbd7 13. Nd4 Qb6 14. Nce2 Bb4+ 15. Nc3 h6 16. Bh4 Nh5 17. Bf2 Bc5 18. Nce2 Ne5 19. 0-0 a5 20. h3 b4 21. g4 Nf6 22. Kg2 Ba6 23. Nf5 Rfe8 24. Ned4 b3 25. axb3 cxb3 26. Bxb3 Bxf1+ 27. Kxf1 Rab8 28. f4 Qa6+ 29. Kg2 Nd3 30. e5 Nxf4+ 0-1

[Event "IPCA Wch 14th"]
[Site "Apatin"]
[Date "2014.09.16"]
[Round "1"]
[White "Riekkinen, Keijo"]
[Black "Tersinsev, Andrey"]
[Result "0-1"]
[WhiteElo "1671"]
[BlackElo "2043"]
[PlyCount "78"]
[EventDate "2014.09.16"]
[EventType "swiss"]
[EventRounds "9"]
[EventCountry "SRB"]
[SourceTitle "CBM 162 Extra"]
[Source "ChessBase"]
[SourceDate "2014.10.17"]
[SourceVersion "1"]
[SourceVersionDate "2014.10.17"]
[SourceQuality "1"]

1. c4 c6 2. Nc3 d5 3. cxd5 cxd5 4. Nf3 Nc6 5. d4 Nf6 6. Bf4 a6 7. e3 e6 8. Bd3 Be7 9. a3 Bd7 10. Ng5 Rc8 11. h4 Na5 12. h5 h6 13. Nf3 b5 14. Ne5 Nc4 15. Nxc4 bxc4 16. Be2 Qb6 17. Qc2 Bd6 18. Bxd6 Qxd6 19. Bf3 Bc6 20. Rh3 Nd7 21. Rg3 0-0 22. Be2 f5 23. Rh3 Nf6 24. f3 Nh7 25. f4 Nf6 26. Bf3 Rb8 27. Rh4 Qd7 28. g4 fxg4 29. Bxg4 Nxg4 30. Rxg4 e5 31. Qg2 exd4 32. exd4 Rfe8+ 33. Kf1 Rxb2 34. Rxg7+ Qxg7 35. Qxb2 Qxd4 36. Qg2+ Kh8 37. Re1 Rxe1+ 38. Kxe1 Qxc3+ 39. Kf1 Qa1+ 0-1

[Event "IPCA Wch-A 13th"]
[Site "Velke Losiny"]
[Date "2013.06.25"]
[Round "9"]
[White "Tersinsev, Andrey"]
[Black "Pronin, Vladimir"]
[Result "1/2-1/2"]
[WhiteElo "1939"]
[BlackElo "2056"]
[PlyCount "55"]
[EventDate "2013.06.18"]
[EventType "swiss"]
[EventRounds "9"]
[EventCountry "CZE"]
[SourceTitle "CBM 155 Extra"]
[Source "ChessBase"]
[SourceDate "2013.08.26"]
[SourceVersion "1"]
[SourceVersionDate "2013.08.26"]
[SourceQuality "1"]

1. d4 d5 2. c4 dxc4 3. Nc3 Nf6 4. e3 Be6 5. Nf3 c6 6. a4 Bd5 7. Ne5 Nbd7 8. Nxc4 Bxc4 9. Bxc4 e6 10. 0-0 Be7 11. f4 0-0 12. g4 c5 13. g5 Ne8 14. dxc5 Bxc5 15. Qh5 g6 16. Qh6 Ng7 17. Rf3 Re8 18. Rh3 Nf8 19. Qh4 Nf5 20. Qe1 Qc7 21. Ne4 Qxf4 22. Nf6+ Kg7 23. Nxe8+ Rxe8 24. Qc3+ Kg8 25. Be2 Qxg5+ 26. Kh1 Be7 27. e4 Qf6 28. Qxf6 1/2-1/2